000 00849nam a2200181 i 4500
001 163052
003 ES-MaACL
005 20230906212647.0
008 170830s1836 sp |||| | spa d
110 2 _aReal Sociedad Económica Matritense de Amigos del País.
_96389
245 1 0 _aEstatutos de la Sociedad Económica de Amigos del País de Madrid.
260 _aMadrid :
_b[s.n.],
_c1836 (
_fImp. del Colegio de Sordo-Mudos)
300 _a14 p. ;
_c18 cm.
530 _aDisponible en formato digital.
610 2 4 _aReal Sociedad Económica Matritense de Amigos del País-
_vEstatutos.
_9147091
852 4 _aES-MaACL
_jT-20-F-20
_z- Enc. hol., falto de cub. original
_z- Enc. en un vol. facticio
856 4 _uhttps://bibliotecavirtualmadrid.comunidad.madrid/bvmadrid_publicacion/es/consulta/registro.do?id=1307
_zBiblioteca Digital de Madrid
999 _c163052
_d163052